000 00696nam a2200241Ia 4500
005 20260429111850.0
008 260429s9999||||xx |||||||||||||| ||und||
020 _a9781800623682
041 _aEnglish
082 _a338.1
_bNYA
100 _aNyagadza, Brighton
245 0 _aAgritourism for sustainable development :
_breflections from emerging African economies /
_cBrighton Nyagadza
260 _aUnited Kingdom :
_bCABI,
_c2024.
300 _aix, 263 p.; hb
650 _a Africa
650 _a Agriculture products
650 _a Agritourism
650 _a Production economics
650 _aEconomics
700 _a Chigora, Farai
700 _a Hassan, Azizul
942 _cTB
999 _c51198
_d51198